Nommez un Pokémon de chaque combinaison de types existante - Statistiques

Statistiques générales
  • Ce quiz a été pris 356 fois
    354 depuis la dernière actualisation
  • Le résultat moyen est 96 sur 171
Statistiques - réponses
Hint Réponse % Correct
Combat Férosinge / Colossinge / Machoc / Machopeur / Mackogneur / Canarticho de Galar / Kicklee / Tygnon / Tauros de Paldea (race combative) / Debugant / Kapoera / Makuhita / Hariyama / Riolu / Charpenti / Ouvrifier / Bétochef / Judokrak / Karaclée / Kungfouine / Shaofouine / Pandespiègle / Crabagarre / Quartermac / Poulpaf / Krakos / Palarticho / Hexadron / Zamazenta / Wushours
89%
Acier - Dragon Dialga / Colimucus de Hisui / Muplodocus de Hisui / Duralugon / Pondralugon
87%
Acier - Vol Airmure / Bamboiselle / Corvaillus
86%
Acier Miaouss de Galar / Méga-Galeking / Registeel / Tic / Clic / Cliticlic / Meltan / Melmetal / Berserkatt / Charibari / Pachyradjah / Ferdeter
86%
Acier - Fée Mysdibule / Méga-Mysdibule / Trousselin / Magearna / Zacian / Forgerette / Forgella / Forgelina
86%
Acier - Électrik Magnéti / Magnéton / Magnézone / Togedemaru
85%
Eau Carapuce / Carabaffe / Tortank / Méga-Tortank / Psykokwak / Akwakwak / Ptitard / Têtarte / Otaria / Kokiyas / Krabby / Krabboss / Hypotrempe / Hypocéan / Poissirène / Poissoroy / Stari / Magicarpe / Aquali / Kaiminus / Crocrodil / Aligatueur / Tarpaud / Rémoraid / Octillery / Suicune / Gobou / Wailmer / Wailord / Écrapince / Barpau / Milobellus / Morphéo (forme eau de pluie) / Coquiperl / Serpang / Rosabyss / Lovdisc / Kyogre / Primo-Kyogre / Tiplouf / Prinplouf / Mustébouée / Mustéflott / Sancoki / Écayon / Luminéon / Phione / Manaphy / Moustillon / Mateloutre / Clamiral / Flotajou / Flotoutan / Tritonde / Bargantua / Mamanbo / Grenousse / Croâporal / Flingouste / Gamblast / Otaquin / Otarlette / Froussardine / Concombaffe / Larméléon / Arrozard / Lézargus / Khélocrok / Embrochet / Hastacuda / Coiffeton / Canarbello / Taupikeau / Triopikeau / Dofin / Superdofin / Oyacata
82%
Acier - Insecte Foretress / Cizayox / Méga-Cizayox / Cheniselle cape déchet / Lançargot / Fermite / Genesect
81%
Dragon Minidraco / Draco / Draby / Drackhaus / Coupenotte / Incisache / Tranchodon / Drakkarmin / Mucuscule / Colimucus / Muplodocus / Bébécaille / Regidrago
81%
Électrik Pikachu / Raichu / Voltorbe / Électrode / Élektek / Voltali / Pichu / Wattouat / Lainergie / Pharamp / Élekid / Raikou / Dynavolt / Élecsprint / Méga-Élecsprint / Posipi / Négapi / Lixy / Luxio / Luxray / Pachirisu / Élekable / Zébibron / Zéblitz / Anchwatt / Lampéroie / Ohmassacre / Câblifère / Zeraora / Voltoutou / Fulgudog / Wattapik / Regieleki / Pohm / Têtampoule / Ampibidou
81%
Acier - Plante Grindur / Noacier / Katagami
78%
Combat - Eau Tartard / Tauros de Paldea (race aquatique) / Keldeo / Shifours (style mille poings) / Palmaval
78%
Acier - Feu Heatran
77%
Acier - Combat Lucario / méga-Lucario / Cobaltium / Zamazenta
77%
Fée Mélofée / Mélodelfe / Mélo / Togepi / Snubbull / Granbull / Flabébé / Floette / Florges / Fluvetin / Cocotine / Sucroquin / Cupcanaille / Nymphali / Xerneas / Guérilande / Crèmy / Charmilly / Zacian / Pâtachiot / Briochien
77%
Eau - Vol Léviator / Démanta / Goélise / Bekipan / Babimanta / Couaneton / Lakmécygne / Nigosier
76%
Combat - Psy Méga-Mewtwo X / Méditikka / Charmina / Méga-Charmina / Gallame / Méga-Gallame
76%
Combat - Feu Tauros de Paldea (race flamboyante) / Galifeu / Braségali / Méga-Braségali / Chimpenfeu / Simiabraz / Grotichon / Roitiflam
76%
Dragon - Vol Dracolosse / Altaria / Drattak / Méga-Drattak / Rayquaza / Méga-Rayquaza / Sonistrelle / Bruyverne
75%
Dragon - Eau Hyporoi / Palkia / Hydragon / Nigirigon / Serpente-Eau
75%
Eau - Glace Lamantine / Crustabri / Lokhlass / Obalie / Phogleur / Kaimorse / Hydragla / Hotte-de-Fer
75%
Dragon - Électrik Méga-Pharamp / Zekrom / Galvagon / Miraidon / Ire-Foudre
75%
Feu Salamèche / Reptincel / Goupix / Feunard / Caninos / Arcanin / Ponyta / Galopa / Magmar / Pyroli / Héricendre / Feurisson / Typhlosion / Limagma / Magby / Entei / Poussifeu / Chartor / Morphéo (forme solaire) / Ouisticram / Maganon / Gruikui / Flamajou / Flamoutan / Darumarond / Darumacho / Aflamanoir / Feunnec / Roussil / Flamiaou / Matoufeu / Flambino / Lapyro / Pyrobut / Chochodile / Crocogril / Charbambin
75%
Acier - Psy Terhal / Métang / Métalosse / Méga-Métalosse / Jirachi / Archéomire / Archéodong / Solgaleo / Necrozma Crinière du Couchant / Chef-de-Fer
75%
Électrik - Vol Électhor / Motisma Hélice / Emolga / Fulguris / Plumeline (style Pom-Pom) / Zapétrel / Fulgulairo
74%
Dragon - Feu Méga-Dracaufeu X / Reshiram / Boumata / Feu-Perçant
74%
Eau - Plante Nénupiot / Lombre / Ludicolo / Ogerpon
74%
Eau - Insecte Arakdo / Araqua / Tarenbulle / Sovkipou / Sarmuraï
73%
Acier - Roche Galekid / Galegon / Galeking / Dinoclier / Bastiodon / Tarinorme / Ama-Ama
73%
Eau - Électrik Loupio / Lanturn / Motisma lavage
72%
Eau - Feu Volcanion
72%
Eau - Sol Axoloto / Maraiste / Flobio / Laggron / Méga-Laggron / Barloche / Barbicha / Tritosor / Batracné / Crapustule
71%
Dragon - Glace Kyurem / Frigodo / Cryodo / Glaivodo
71%
Acier - Sol Taupiqueur d'Alola / Triopikeur d'Alola / Steelix / Méga-Steelix / Minotaupe / Limonde de Galar / Roue-de-Fer
71%
Eau - Roche Amonita / Amonistar / Kabuto / Kabutops / Corayon / Relicanth / Carapagos / Mégapagos / Opermine / Golgopathe / Torgamord
70%
Feu - Vol Dracaufeu / Méga-Dracaufeu Y / Sulfura / Ho-Oh / Braisillon / Flambusard / Plumeline (style Flamenco)
70%
Glace Goupix d'Alola / Morphéo (forme blizzard) / Stalgamin / Oniglali / Méga-Oniglali / Regice / Givrali / Darumarond de Gallar / Darumacho de Gallar / Sorbébé / Sorboul / Sorbouboul / Polarhume / Polagriffe / Hexagel / Grelaçon / Séracrawl / Bekaglaçon / Blizzeval / Piétacé / Balbalèze
70%
Acier - Eau Pingoléon
70%
Combat - Dragon Écaïd / Ékaïser / Koraidon
68%
Eau - Fée Marill / Azumarill / Oratoria / Tokopisco
68%
Eau - Poison Tentacool / Tentacruel / Qwilfish / Venalgue / Vorastérie / Prédastérie
68%
Combat - Plante Chapignon / Fragilady de Hisui / Viridium / Blindépique / Archéduc de Hisui
67%
Insecte Chenipan / Chrysacier / Scarabrute / Pomdepik / Chenipotte / Armulys / Blindalys / Muciole / Lumivole / Crikzik / Mélokrik / Cheniti / Carabing / Escargaume / Limaspeed / Lépidonille / Pérégrain / Larvibule / Larvadar / Tissenboule / Filentrappe / Lilliterelle / Léboulérou
67%
Dragon - Spectre Giratina / Fantyrm / Dispareptil / Lanssorien
67%
Feu - Spectre Ossatueur d'Alola / Typhlosion de Hisui / Funécire / Mélancolux / Lugulabre / Pierroteknik / Flâmigator / Malvalame
67%
Eau - Psy Ramoloss / Flagadoss / Méga-Flagadoss / Staross / Roigada / Denticrisse / Délestin
67%
Normal Rattata / Rattatac / Miaouss / Persian / Excelangue / Leveinard / Kangourex / Méga-Kangourex / Tauros / Métamorph / Évoli / Porygon / Ronflex / Fouinette / Fouinar / Capumain / Insolourdo / Teddiursa / Ursaring / Porygon2 / Cerfrousse / Queulorior / Écrémeuh / Leuphorie / Zigzaton / Linéon / Parecool / Vigoroth / Monaflèmit / Chuchmur / Ramboum / Brouhabam / Skitty / Delcatty / Spinda / Mangriff / Morphéo / Kecleon / Keunotor / Capidextre / Laporeille / Lockpin / Chaglam / Chaffreux / Ptiravi / Goinfrex / Coudlangue / Porygon-Z / Regigigas / Arceus / Ratentif / Miradar / Ponchiot / Ponchien / Mastouffe / Nanméouïe / Chinchidou / Pashmilla / Frison / Sapereau / Couafarel / Manglouton / Argouste / Type:0 / Silvallié / Dodoala / Rongourmand / Rongrigou / Moumouton / Moumouflon / Gourmelet / Fragroin / Compagnol / Famignol / Deusolourdo / Terapagos
67%
Électrik - Insecte Statitik / Mygavolt / Chrysapile / Lucanon
67%
Dragon - Sol Vibraninf / Libégon / Griknot / Carmache / Carchacrok / Méga-Carchacrok / Zygarde
67%
Dragon - Normal Draïeul / Motorizard
66%
Combat - Vol Électhor de Galar / Brutalibré / Flamenroule
66%
Acier - Spectre Monorpale / Dimoclès / Exagide / Gromago
65%
Dragon - Plante Noadkoko d'Alola / Méga-Jungko / Verpom / Pomdrapi / Dratatin / Pomdramour / Pomdorochi
65%
Combat - Électrik Pohmotte / Pohmarmotte / Paume-de-Fer
65%
Dragon - Poison Kravarech / Mandrillon / Éthernatos
64%
Eau - Ténèbres Méga-Léviator / Carvanha / Sharpedo / Méga-Sharpedo / Colhomard / Clamiral de Hisui / Amphinobi
64%
Acier -Ténèbres Scalpion / Scalproie / Scalpereur
64%
Dragon - Ténèbres Solochi / Diamat / Trioxhydre / Engloutyran / Rugit-Lune
64%
Psy Abra / Kadabra / Alakazam / Méga-Alakazam / Ponyta de Galar / Ramoloss de Galar / Soporifik / Hypnomade / Mewtwo / Méga-Mewtwo Y / Mew / Mentali / Zarbi / Qulbutoké / Spoink / Groret / Éoko / Okéoké / Deoxys / Korillon / Créhelf / Créfollet / Créfadet / Cresselia / Munna / Mushana / Scrutella / Mesmérella / Sidérella / Nucléos / Méios / Symbios / Lewsor / Neitram / Psystigri / Mistigrix / Cosmog / Cosmovum / Necrozma / Bibichut / Chapotus / Flotillon / Cléopsytra
63%
Plante - Poison Bulbizarre / Herbizarre / Florizarre / Méga-Florizarre / Mystherbe / Ortide / Rafflesia / Chétiflor / Boustiflor / Empiflor / Rosélia / Rozbouton / Roserade / Trompignon / Gaulet
63%
Combat - Poison Farfuret de Hisui / Cradopaud / Coatox / Farfurex / Félicanis
63%
Électrik - Spectre Motisma
63%
Insecte - Poison Aspicot / Coconfort / Dardargnan / Méga-Dardargnan / Mimitoss / Aéromite / Mimigal / Migalos / Papinox / Rapion / Venipatte / Scobolide / Brutapode
62%
Insecte - Vol Papilusion / Insécateur / Méga-Scarabrute / Coxy / Coxyclaque / Yanma / Charmillon / Maskadra / Ninjask / Papilord / Apitrini / Apireine / Yanmega / Prismillon
62%
Feu - Insecte Pyronille / Pyrax / Grillepattes / Scolocendre
62%
Normal - Vol Roucool / Roucoups / Roucarnage / Méga-Roucarnage / Piafabec / Rapasdepic / Canarticho / Doduo / Dodrio / Hoothoot / Noarfang / Nirondelle / Hélédelle / Tylton / Étourmi / Étourvol / Étouraptor / Pijako / Poichigeon / Colombeau / Déflaisan / Furaiglon / Gueriaigle / Passerouge / Picassaut / Piclairon / Bazoucan / Tapatoès
62%
Plante Saquedeneu / Germignon / Macronium / Méganium / Joliflor / Tournegrin / Héliatronc / Arcko / Massko / Jungko / Grainipiot / Balignon / Cacnea / Tortipouss / Boskara / Ceribou / Ceriflor / Vortente / Bouldeneu / Phyllali / Shaymin / Vipélierre / Lianaja / Majaspic / Feuillajou / Feuiloutan / Chlorobule / Fragilady / Maracachi / Marisson / Boguérisse / Cabriolaine / Chevroum / Mimantis / Floramantis / Croquine / Candine / Sucreine / Ouistempo / Badabouin / Gorythmic / Tournicoton / Blancoton / Poussacha / Matourgeon / Pimito / Ogerpon (Masque Turquoise)
62%
Glace - Vol Artikodin / Cadoizo
61%
Combat - Spectre Marshadow / Courrousinge
61%
Eau - Spectre Viskuse / Moyade / Paragruel
61%
Poison Abo / Arbok / Nidoran♀ / Nidorina / Nidoran♂ / Nidorino / Tadmorv / Grotadmorv / Smogo / Smogogo / Gloupti / Avaltout / Séviper / Miamiasme / Miasmax / Vémini
60%
Électrik - Fée Dedenne / Tokorico
60%
Fée - Psy Galopa de Galar / M. Mime / Tarsal / Kirlia / Gardevoir / Méga-Gardevoir / Mime Jr. / Tokopiyon / Sorcilence / Hurle-Queue
60%
Électrik - Sol Limonde / Pelage-Sablé
60%
Feu - Ténèbres Malosse / Démolosse / Méga-Démolosse / Félinferno / Yuyu
60%
Feu - Psy Victini / Darumacho (mode transe) / Goupelin / Carmadura
60%
Combat - Glace Crabominable
59%
Glace - Spectre Momartik
59%
Électrik - Feu Motisma Chaleur
59%
Électrik - Glace Motisma Froid / Galvagla
59%
Acier - Glace Sabelette d'Alola / Sablaireau d'Alola
59%
Combat - Insecte Scarhino / Méga-Scarhino / Mouscoto / Cancrelove / Rampe-Ailes
59%
Combat - Ténèbre Baggiguane / Baggaïd / Pandarbare / Shifours (style poing final)
58%
Dragon - Fée Méga-Altaria
58%
Insecte - Plante Paras / Parasect / Cheniselle (Cape Plante) / Larveyette / Couverdure / Manternel
58%
Feu - Plante Scovilain / Ogerpon (masque du fourneau)
58%
Roche - Sol Racaillou / Gravalanch / Grolem / Onix / Rhinocorne / Rhinoféros / Embrylex / Ymphect / Rhinastoc
57%
Sol Sabelette / Sablaireau / Taupiqueur / Triopikeur / Osselait / Ossatueur / Phanpy / Donphan / Kraknoix / Groudon / Hippopotas / Hippodocus / Rototaupe / Tiboudet / Bourrinos / Dunaja / Dunaconda
57%
Électrik - Poison Toxizap / Salarsen
57%
Acier - Poison Vrombi / Vrombotor
57%
Plante - Vol Granivol / Floravol / Cotovol / Tropius / Shaymin (Forme Céleste) / Brindibou / Efflèche
56%
Fée - Normal Rondoudou / Grodoudou / Toudoudou / Azurill / Méga-Nanméouïe
56%
Électrik - Plante Voltorbe de Hisui / Électrode de Hisui / Motisma Tonte
56%
Feu - Roche Caninos de Hisui / Arcanin de Hisui / Volcaropod / Wagomine / Monthracite
55%
Feu - Normal Hélionceau / Némélios
55%
Fée - Plante Doudouvet / Farfaduvet / Spododo / Lampignon / Tokotoro
54%
Glace - Insecte Frissonille / Beldeneige
54%
Électrik - Roche Racaillou d'Alola / Gravalanch d'Alola / Grolem d'Alola / Épine-de-Fer
54%
Glace - Plante Blizzi / Blizzaroi / Méga-Blizzaroi
53%
Spectre Feuforêve / Corayon de Galar / Polichombr / Branette / Méga-Branette / Skelénox / Téraclope / Magirêve / Noctunoir / Tutafeh / Tutankafer / Théffroi / Polthégeist / Corayôme / Spectreval / Toutombe / Tomberro / Mordudor
53%
Combat - Normal Méga-Lockpin / Meloetta (forme danse) / Nounourson / Chelours
53%
Ténèbres - Vol Sulfura de Galar / Cornèbre / Corboss / Vostourno / Vaututrice / Yveltal / Lestombaile / Têtes-de-Fer
53%
Feu - Poison Tritox / Malamandre / Mite-de-Fer
53%
Feu - Sol Chamallot / Camérupt / Méga-Camérupt / Primo-Groudon
52%
Dragon - Psy Latias / Méga-Latias / Latios / Méga-Latios / Ultra-Necrozma
52%
Ténèbres Miaouss d'Alola / Persian d'Alola / Noctali / Medhyèna / Grahyèna / Absol / Méga-Absol / Darkrai / Chacripan / Léopardus / Zorua / Zoroark / Goupilou / Roublenard / Grondogue / Dogrino
52%
Sol - Vol Scorplane / Scorvol / Démétéros
51%
Fée - Roche Strassie / Diancie / Méga-Diancie
51%
Psy - Vol Artikodin de Galar / Natu / Xatu / Lugia / Chovsourir / Rhinolove / Cryptéro / Gueriaigle de Hisui / Plumeline (style Hula)
50%
Plante - Spectre Brocélôme / Desséliande / Pitrouille / Banshitrouye / Archéduc / Sinistrail / Virovent / Virevorreur / Poltchageist / Théffroyable
50%
Feu - Glace Darumacho de Galar (mode transe)
50%
Électrik - Normal Galvaran / Iguolta
50%
Vol Boréas / Minisange / Bleuseille
49%
Insecte - Roche Caratroc / Anorith / Armaldo / Crabicoque / Crabaraque / Hachécateur
49%
Eau - Normal Castorno
49%
Poison - Spectre Fantominus / Spectrum / Ectoplasma / Méga-Ectoplasma / Pêchaminus
49%
Glace - Ténèbres Farfuret / Dimoret / Baojian
49%
Fée - Ténèbres Grimalin / Fourbelin / Angoliath
48%
Fée - Spectre Mimiqui / Flotte-Mèche
48%
Roche - Vol Ptéra / Méga-Ptéra / Arkéapti / Aéroptéryx / Météno
48%
Fée - Vol Togetic / Togekiss / Amovénus
48%
Dragon - Roche Ptyranidur / Rexillius
47%
Roche Simularbre / Tarinor / Regirock / Kranidos / Charkos / Manzaï / Nodulithe / Géolithe / Gigalithe / Rocabot / Lougaroc / Charbi / Dolman / Selutin / Amassel / Gigansel / Craparoi
47%
Combat - Fée Garde-de-Fer
46%
Insecte - Spectre Munja
46%
Plante - Ténèbres Pifeuil / Tengalice / Cacturne / Zarude / Miascarade / Fongus-Furie / Chongjian
46%
Fée - Glace Feunard d'Alola
45%
Insecte - Sol Ningale / Cheniselle (Cape Sable)
45%
Normal - Spectre Zorua de Hisui / Zoroark de Hisui
45%
Plante - Roche Lilia / Vacilys / Ogerpon (Masque de la Pierre)
44%
Glace - Sol Marcacrin / Cochignon / Mammochon
44%
Fée - Insecte Bombydou / Rubombelle
43%
Spectre - Ténèbres Ténéfix / Méga-Ténéfix / Spiritomb
43%
Glace - Roche Amagara / Dragmara / Séracrawl de Hisui
42%
Insecte - Ténèbres Gambex
42%
Normal - Psy Girafarig / Meloetta / Gouroutan / Wimessir / Cerbyllin / Farigiraf
42%
Électrik - Ténèbres Morpeko
42%
Fée - Poison Smogogo de Galar / Favianos
42%
Sol - Spectre Tutafeh de Galar / Gringolem / Golemastoc / Bacabouh / Trépassable / Tutétékri
42%
Normal - Plante Vivaldaim / Haydaim / Olivini / Olivado / Arboliva
42%
Insecte - Psy Coléodôme / Astronelle / Bérasca
40%
Glace - Psy M. Mime de Galar / Lippoutou / Lippouti / M. Glaquette / Sylveroy, le Cavalier d'Effroi
40%
Plante - Psy Noeunoeuf / Noadkoko / Celebi / Sylveroy / Vert-de-Fer
40%
Électrik - Psy Raichu d'Alola
40%
Plante - Sol Torterra / Terracool / Terracruel
39%
Normal - Poison Gribouraigne / Tag-Tag
38%
Poison - Vol Nosferapti / Nosferalto / Nostenfer
38%
Psy - Ténèbres Sepiatop / Sepiatroce / Hoopa (Déchaîné)
38%
Combat - Roche Terrakium
38%
Spectre - Vol Baudrive / Grodrive / Plumeline (style Buyô)
37%
Normal - Sol Excavarenne / Ursaking
37%
Poison - Ténèbres Tadmorv d'Alola / Grotadmorv d'Alola / Qwilfish de Hisui / Moufouette / Moufflair / Drascore / Qwilpik
37%
Psy - Sol Balbuto / Kaorine
34%
Acier - Normal Aucun
33%
Combat - Sol Fort-Ivoire
33%
Sol - Ténèbres Mascaïman / Escroco / Crocorible / Dinglu
32%
Poison - Roche Zéroïd / Germéclat / Floréclat
32%
Dragon - Insecte Aucun
31%
Poison - Sol Nidoqueen / Nidoking / Axoloto de Paldea / Terraiste
31%
Psy - Spectre Hoopa (Enchaîné) / Lunala / Necrozma Ailes de l'Aurore / Sylveroy, le Cavalier d'Effroi
30%
Psy - Roche Séléroc / Solaroc / Roc-de-Fer
30%
Normal - Ténèbres Rattata d'Alola / Rattatac d'Alola / Zigzaton de Galar / Linéon de Galar / Ixon
29%
Fée - Feu Aucun
28%
Glace - Normal Aucun
27%
Glace - Poison Aucun
27%
Insecte - Normal Aucun
27%
Poison - Psy Flagadoss de Galar / Roigada de Galar / Fortusimia
27%
Roche - Ténèbres Tyranocif / Méga-Tyranocif
27%
Fée - Sol Aucun
26%
Normal - Roche Aucun
26%
Roche - Spectre Aucun
22%
Aucun quiz correspondant
Distribution des résultats
% des personnes avec chaque résultat
Percentile par nombre de réponses
Votre historique - résultats
Vous n’avez pas pris ce quiz depuis la dernière actualisation